000 00492nam a2200193Ia 4500
005 20240913125340.0
008 240913s9999||||xx |||||||||||||| ||und||
020 _a81-7992-138-7
041 _aENGLISH
082 _A658.3 P4
100 _aJohnson,Barry
245 0 _aEncyclopedia of HRD : Polarity management Vol 4
250 _a1st
260 _c2004
_bJaico Pub,M
_aMumbai
500 _aREFERENCE
650 _aHuman Resources
_bManagement Studies
942 _cREF
999 _c245363
_d245363